| 000 | 00872nam a22002657a 4500 | ||
|---|---|---|---|
| 001 | 4704 | ||
| 003 | FISKH | ||
| 005 | 20240923122252.0 | ||
| 008 | 240923b cb ||||| |||| 00| 0 eng d | ||
| 020 | _a9780064441056 | ||
| 040 |
_aFISKH _beng _cFISKH _dFISKH |
||
| 050 | _aPS586.3 | ||
| 082 | _a811.540809282 | ||
| 100 | _aHopkins, Lee Bennett | ||
| 245 |
_aSurprises / _cPoems Selected by Lee Bennett Hopkins ; illustrated by Megan Lloyd |
||
| 260 |
_aNew York : _bHarper Collins, _c1984. |
||
| 300 |
_a64 pages : _bcolor illustrations ; _c22 cm |
||
| 505 | _aF | ||
| 520 | _aA collection of short poems by Marchette Chute, Myra Cohn Livingston, Aileen Fisher, Lee Bennett Hopkins, and other authors. | ||
| 521 | 8 |
_a310
_bLexile estimate |
|
| 521 | 8 |
_aF
_bRaz-Plus |
|
| 700 |
_aLloyd, Megan _eIllustrator |
||
| 942 |
_2ddc _cBK _n0 |
||
| 999 |
_c4704 _d4704 |
||